000 00770nam a2200241Ia 4500
003 GCL
008 140319s9999 xx 000 0 ara d
040 _aGCL /
_cGCL
082 0 4 _a953.207
_bى س
100 1 _aيوسف الهاجرى
245 1 0 _aالسعودية تبتلع اليمن: قصة التدخلات فى شؤون الشطر الشمالى لليمن /
_cيوسف الهاجرى
260 _a[S.N] :
_bالصفا للنشر والتوزيع ،
_c1988
300 _a188 ص
490 _a
650 0 4 _aالعصر الحديث
650 0 4 _aتاريخ
650 0 4 _aاليمن
650 0 4 _aالسعودية
650 0 4 _aالسياسة
650 0 4 _aالجزيرة العربية
650 0 4 _aالوحدة مع اليمن
942 _2ddc
_cBK
999 _c35778
_d35778